NWSL Club Logos - Statistics

General Stats
  • This quiz has been taken 261 times
  • The average score is 12 of 14
Answer Stats
Picture Answer % Correct
San Diego Wave FC
97%
Kansas City Current
95%
Orlando Pride
92%
Houston Dash
91%
Portland Thorns FC
90%
Chicago Red Stars
88%
NC Courage
87%
Angel City FC
85%
NJ NY Gotham FC
84%
Seattle Reign FC
80%
Washington Spirit
75%
Utah Royals
74%
Bay FC
70%
Racing Louisville FC
69%
No matching quizzes found
Score Distribution
Percent of People with Each Score
Percentile by Number Answered
Your Score History
You have not taken this quiz